| 000 | 00692nam a2200181Ia 4500 | ||
|---|---|---|---|
| 003 | GCL | ||
| 008 | 140319s9999 xx 000 0 ara d | ||
| 040 |
_aGCL / _cGCL |
||
| 082 | 0 | 4 |
_a816.9531 _bك ر |
| 100 | 1 | _aابن كمال باشا : شمس الدين احمد بن سليمان الرومى | |
| 245 | 1 | 0 |
_aرسائل ابن كمال باشا / _cابن كمال باشا : شمس الدين احمد بن سليمان الرومى |
| 260 |
_aالرياض : _bالنادى الادبى الثقافى ، _c1980 |
||
| 300 |
_a111 ص ؛ _c20 سم |
||
| 650 | 0 | 4 | _aالرسائل العربية |
| 650 | 0 | 4 | _aالرسائل |
| 650 | 0 | 4 | _aالرسائل فى الادب |
| 942 |
_2ddc _cBK |
||
| 999 |
_c6899 _d6899 |
||